Capacidad de negociación vis-a-vis de los gobiernos de América Latina con las corporaciones transnacionales en exportaciones, orientadas a las comodidades primarias

Gardado en:
Detalles Bibliográficos
Autor Corporativo: CEPAL
Formato: Texto
Materias:
Etiquetas: Engadir etiqueta
Sen Etiquetas, Sexa o primeiro en etiquetar este rexistro!

MARC

LEADER 00000 a a2200000 04500
001 15187
003
040
090 |a 001400  
110 |a CEPAL  
245 |a Capacidad de negociación vis-a-vis de los gobiernos de América Latina con las corporaciones transnacionales en exportaciones, orientadas a las comodidades primarias  
300 |a 5; 38 p  
650 |a NEGOCIACIONES COMERCIALES  
650 |a EMPRESAS TRANSNACIONALES  
999 |c 12837  |d 12837